000 00532nam a2200181 i 4500
001 181900
003 ES-MaACL
005 20231018193801.0
008 130506s2012 sp |||| | spa d
080 _a821.134.2-14"19"
100 1 _aMoral Roca, Manuel.
_9152693
245 1 0 _aSintagmas en rojo y negro /
_cManuel Moral Roca.
260 _a[Madrid :
_bs.n.,
_c2012]
300 _a81 p. ;
_c21 cm.
852 _aES-MaACL
_jA-12585
_9188808
_bR.148803
_cDEPO1
_dOlim: N-5588
942 _2udc
_cMONOGRAFIA
999 _c181900
_d181900